Fr. Conceicao Rodrigues College of Engineering

Improving managerial functions and increasing organisational capaility through Management (Record no. 25399)

MARC details
000 -LEADER
fixed length control field 00386nam a2200145Ia 4500
082 ## - DEWEY DECIMAL CLASSIFICATION NUMBER
Classification number 658.4012
Item number ATT
100 ## - MAIN ENTRY--PERSONAL NAME
Personal name Atthreya/N.H
245 ## - TITLE STATEMENT
Title Improving managerial functions and increasing organisational capaility through Management
260 ## - PUBLICATION, DISTRIBUTION, ETC.
Name of publisher, distributor, etc. MMC School Of Management
Place of publication, distribution, etc. Mumbai
Date of publication, distribution, etc. 1976
300 ## - PHYSICAL DESCRIPTION
Extent 219
546 ## - LANGUAGE NOTE
Language note ENGLISH
654 ## - SUBJECT ADDED ENTRY--FACETED TOPICAL TERMS
Focus term organisation
942 ## - ADDED ENTRY ELEMENTS (KOHA)
Koha item type BOOK
Holdings
Withdrawn status Lost status Damaged status Not for loan Collection Home library Current library Date acquired Total Checkouts Full call number Barcode Date last seen Price effective from Koha item type
        CRC Fr. Agnel's C.Rodrigues College of Engineering Fr. Agnel's C.Rodrigues College of Engineering 17/03/2023   658.4012 ATT 12724 17/03/2023 17/03/2023 BOOK